| 000 | 00491cam a2200193ua 4500 | ||
|---|---|---|---|
| 020 |
_a3-540-15244-X _c902.80 |
||
| 041 |
_aeng _h |
||
| 082 |
_a621.4022 _bKAK/HE |
||
| 100 | _aKakae, Sadik . | ||
| 245 |
_aHeat conduction / _cSadik Kakae. _hTextual Documents |
||
| 250 |
_a2 / _b. |
||
| 260 |
_aLondon : _bHemisphere Publishing Corporation , _c1985. |
||
| 300 | _a397 ; . | ||
| 365 | _a902.80 | ||
| 504 | _a | ||
| 700 | 1 | _aYener, Yaman . | |
| 942 | _cBK | ||
| 999 |
_c7101 _d7101 |
||